Resúmenes de Fisiología Vefgetal / (Record no. 204433)
[ view plain ]
| 000 -CABECERA | |
|---|---|
| campo de control de longitud fija | 00966nam a2200325Ia 4500 |
| 001 - NÚMERO DE CONTROL | |
| campo de control | Para_10503 |
| 003 - IDENTIFICADOR DEL NÚMERO DE CONTROL | |
| campo de control | CHAP |
| 008 - DATOS DE LONGITUD FIJA--INFORMACIÓN GENERAL | |
| campo de control de longitud fija | 220125s2017 xx 000 0 und d |
| 010 ## - NÚMERO DE CONTROL DE LA BIBLIOTECA DEL CONGRESO | |
| Número de control de LC | 204433 |
| 020 ## - NÚMERO INTERNACIONAL ESTÁNDAR DEL LIBRO | |
| Número Internacional Estándar del Libro | 978 - 84 - 9927 - 362 - 4 |
| 040 ## - FUENTE DE LA CATALOGACIÓN | |
| Centro/agencia transcriptor | CHAP |
| 082 ## - NÚMERO DE LA CLASIFICACIÓN DECIMAL DEWEY | |
| Número de clasificación | PA 581.1 P56 2017 |
| 100 ## - ENTRADA PRINCIPAL--NOMBRE DE PERSONA | |
| Nombre de persona | Pineda, Manuel |
| 9 (RLIN) | 170365 |
| 245 ## - MENCIÓN DE TÍTULO | |
| Título | Resúmenes de Fisiología Vefgetal / |
| Mención de responsabilidad, etc. | Manuel Pineda; colaboradores, Eloísa Agüera... [et. al.] |
| 250 ## - MENCIÓN DE EDICIÓN | |
| Mención de edición | 3 |
| 260 ## - PUBLICACIÓN, DISTRIBUCIÓN, ETC. | |
| Lugar de publicación, distribución, etc. | España : |
| Nombre del editor, distribuidor, etc. | UCOPress |
| 300 ## - DESCRIPCIÓN FÍSICA | |
| Extensión | 236 p. |
| 500 ## - NOTA GENERAL | |
| Nota general | En cada unidad incluye lecturas recomendadas |
| 650 ## - PUNTO DE ACCESO ADICIONAL DE MATERIA--TÉRMINO DE MATERIA | |
| Término de materia o nombre geográfico como elemento de entrada | Fisiología Vegetal |
| 9 (RLIN) | 41136 |
| 700 ## - PUNTO DE ACCESO ADICIONAL--NOMBRE DE PERSONA | |
| Nombre de persona | Gálvez |
| Número Internacional Normalizado para Publicaciones Seriadas | Valdivieso, Gregorio |
| 9 (RLIN) | 170366 |
| 700 ## - PUNTO DE ACCESO ADICIONAL--NOMBRE DE PERSONA | |
| Nombre de persona | I.Agüera Buendía, Eloísa |
| 9 (RLIN) | 170367 |
| 700 ## - PUNTO DE ACCESO ADICIONAL--NOMBRE DE PERSONA | |
| Nombre de persona | Piedras, Pedro |
| 9 (RLIN) | 170368 |
| 901 ## - ELEMENTOS DE DATOS A LOCAL LDA (RLIN) | |
| a | PA 581.1 P56 2017 |
| 902 ## - ELEMENTOS DE DATOS B LOCAL, LDB (RLIN) | |
| a | A |
| 905 ## - ELEMENTOS DE DATOS E LOCAL, LDE (RLIN) | |
| a | 5232202017 sp anm 8000000300spa06 |
| 910 ## - DATOS DE OPCIÓN DEL USUARIO (OCLC) | |
| Datos de opción del usuario | 2017 |
| 942 ## - ELEMENTOS DE PUNTO DE ACCESO ADICIONAL (KOHA) | |
| Tipo de ítem Koha | Parasitologia_ |
| 942 ## - ELEMENTOS DE PUNTO DE ACCESO ADICIONAL (KOHA) | |
| Tipo de ítem Koha | Parasitologia_ |
| -- | 1 |
| Estado de retiro | Estado de pérdida | Fuente del sistema de clasificación o colocación | Estado dañado | Restricciones de uso | No para préstamo | Código de colección | Localización permanente | Ubicación/localización actual | Fecha de adquisición | Información codificada de la localización en otra ubicación | Número de inventario | Total de préstamos | Renovaciones totales | Signatura topográfica completa | Código de barras | En préstamo | Fecha visto por última vez | Fecha del último préstamo | Número de copia | Precio válido a partir de | Tipo de ítem Koha | Nota pública |
|---|---|---|---|---|---|---|---|---|---|---|---|---|---|---|---|---|---|---|---|---|---|---|
| Dewey Decimal Classification | Préstamo 3 días | General | Parasitologia Agricola | Parasitologia Agricola | 28/01/2020 | PARA | (PA_010820) (No. UACh C/E) | 10 | 5 | PA 581.1 P56 2017 | 4102000439 | 27/04/2026 | 23/04/2026 | 23/04/2026 | Ej. 2 | 25/01/2022 | Libro | 3 | ||||
| Dewey Decimal Classification | Préstamo interno | General | Parasitologia Agricola | Parasitologia Agricola | 28/01/2020 | PARA | (PA_010819) (No. UACh C/E) | PA 581.1 P56 2017 | 4102000438 | 25/01/2022 | Ej.1 | 25/01/2022 | Libro | 3 |
